LEADER 01095nam a2200253 i 4500 001 000000214936 003 CaOOAMICUS 005 20120809000000.0 008 120809s1988 it u000 u ita u 013 $a193808 040 $aSeMil$bita 100 1 $aPorta, Carlo,$d<1776-1821>.$0(OLS)http://semarc/name/4108 245 10$aPoesie, lettere :$bitinerario antologico del poetta ambrosian /$cCarlo Porta ; a cura di Claudio Beretta. 260 $aMilano :$bTascabili Bompiani,$c1988. 300 $a503 p. ;$c19 cm. 490 0 $aTascabili Bompiani. Classici ;$v18 500 $aVersione italiana a fronte. 700 1 $aBeretta, Claudio.$0(OLS)http://semarc/name/64765 830 0$aTascabili Bompiani. Classici ;$v18.$0(OLS)http://semarc/title/26900 850 $aSeMil 852 $aSeMil$W1$xVenegono$y1$m1A I 84$j165357$B165357$CSeMilBibl$Z2$F209114 $81 961 $aLascito: Milani don Felice 996 $6245$aPoesie, lettere :$bitinerario antologico del poetta ambrosian$9(OLS)http://semarc/title/309638 996 $6260$aMilano :$bTascabili Bompiani$9(OLS)http://semarc/publisher/32847 LEADER 00959nam a2200229 i 4500 001 000000001690 003 CaOOAMICUS 005 20180830125435.0 008 180830s1992 it u000 u ita u 020 $a88-02-04588-7 040 $aSeMil$bita 245 10$aTrattato di psicologia analitica /$cdiretto da Aldo Carotenuto. 260 $aTorino :$bUTET,$c1992. 300 $a2 v. ;$c25 cm. 650 4$aPsicanalisi - Manuali.$0(OLS)http://semarc/subject/622 650 4$aPsicologia analitica e psicanalisi.$0(OLS)http://semarc/subject/623 700 1 $aCarotenuto, Aldo <1933-2005>.$0(OLS)http://semarc/name/1533 774 0 $tDimensione culturale.$dTorino : UTET, 1992.$g1$w()39119 774 0 $tDimensione clinica.$dTorino : UTET, 1992.$g2$w()191684 996 $6020$a88-02-04588-7$9(OLS)http://semarc/number/80 996 $6245$aTrattato di psicologia analitica$9(OLS)http://semarc/title/2772 996 $6260$aTorino :$bUTET$9(OLS)http://semarc/publisher/29621